000 00559nam a2200169 4500
001 143362
003 ES-MaACL
005 20230906200806.0
007 t|
008 070214s1950 sp r ||||1| spa d
100 1 _aSerrano Guirado, Enrique.
_9105764
245 1 3 _aEl Seguro de Enfermedad y sus problemas /
_cEnrique Serrano Guirado.
260 _aMadrid :
_bInstituto de Estudios Políticos,
_c1950 (
_fSamarán)
300 _a510 p. :
_bil. ;
_c21 cm.
710 2 _aInstituto de Estudios Políticos (Madrid)
_94924
852 _aES-MaACL
_jD-6025
_bR.30108
999 _c143362
_d143362